000 00768nam a2200289Ia 4500
005 20260324142702.0
008 008 260324s9999 xx 000 0 eng d
020 _a9781315482811
037 _aEBOOK
040 _aCRL
040 _beng
040 _cCRL
041 _2eng
041 _aeng
084 _qCRL
100 _aLucjan Dobroszycki
_91212873
245 0 _aSurvivors of the Holocaust in Poland: A Portrait Based on Jewish Community Records, 1944-47
245 2 _bA Portrait Based on Jewish Community Records, 1944-47
260 _bTaylor and Francis
260 _c1994
365 _a
365 _b265
856 _uhttp://www.taylorfrancis.com/books/9781315482811
942 _cEBOOK
999 _c1817327
_d1817327